[Event "Netanya Open 2019"]
[Site "Netanya"]
[Date "2019.06.24"]
[Round "2.17"]
[White "Karp, Michael"]
[Black "Zanan, Evgeny"]
[Result "1/2-1/2"]
[WhiteElo "2194"]
[BlackElo "2505"]
[Annotator "ChessBase"]
[PlyCount "96"]
[EventDate "2019.06.23"]
[EventType "swiss"]
[EventCountry "ISR"]
[SourceTitle "playchess.com"]
[Source "ChessBase"]
[SourceQuality "1"]
[TimeControl "40/5400+30:1800+30"]

1. d4 {[%emt 0:00:00]} Nf6 {[%emt 0:00:00]} 2. Nf3 {[%emt 0:01:58]} g6 {[%emt 0:00:00]} 3. g3 {[%emt 0:00:28]} Bg7 {[%emt 0:00:00]} 4. Bg2 {[%emt 0:00:17]} O-O {[%emt 0:00:05]} 5. c4 {[%emt 0:01:05]} d6 {[%emt 0:00:08]} 6. O-O {[%emt 0:00:21]} Nc6 {[%emt 0:00:06]} 7. Nc3 {[%emt 0:00:52]} Bf5 {[%emt 0:00:32]} 8. Bg5 {[%emt 0:02:31]} Ne4 {[%emt 0:11:28]} 9. Nxe4 {[%emt 0:01:08]} Bxe4 {[%emt 0:00:07]} 10. d5 {[%emt 0:02:19]} Na5 {[%emt 0:04:46]} 11. b3 {[%emt 0:04:11]} h6 {[%emt 0:11:09]} 12. Bd2 {[%emt 0:22:25]} c6 {[%emt 0:02:43]} 13. Qe1 {[%emt 0:12:07]} b6 {[%emt 0:03:15]} 14. dxc6 {[%emt 0:11:30]} Nxc6 {[%emt 0:02:15]} 15. Bc3 {[%emt 0:02:00]} e5 {[%emt 0:04:31]} 16. Qd2 {[%emt 0:01:28]} Qc7 {[%emt 0:13:51]} 17. Nh4 {[%emt 0:04:19]} Bxg2 {[%emt 0:01:13]} 18. Nxg2 {[%emt 0:00:38]} f5 {[%emt 0:00:05]} 19. f4 {[%emt 0:05:30]} Rae8 {[%emt 0:04:30]} 20. Rad1 {[%emt 0:03:55]} Re6 {[%emt 0:01:49]} 21. Ne3 {[%emt 0:05:06]} Rfe8 {[%emt 0:02:36]} 22. Nd5 {[%emt 0:01:36]} Qf7 {[%emt 0:01:05]} 23. e3 {[%emt 0:06:15]} g5 {[%emt 0:03:01]} 24. fxg5 {[%emt 0:01:14]} hxg5 {[%emt 0:01:19]} 25. Rf2 {[%emt 0:00:42]} Rg6 {[%emt 0:20:24]} 26. Rdf1 {[%emt 0:02:50]} f4 {[%emt 0:00:06]} 27. exf4 {[%emt 0:02:38]} gxf4 {[%emt 0:01:32]} 28. Kh1 {[%emt 0:00:59]} Ne7 {[%emt 0:05:52]} 29. gxf4 {[%emt 0:00:48]} Nxd5 {[%emt 0:00:13]} 30. fxe5 {[%emt 0:01:06]} Nf4 {[%emt 0:04:09]} 31. Rxf4 {[%emt 0:00:57]} Qb7+ {[%emt 0:00:06]} 32. Qd5+ {[%emt 0:00:15]} Qxd5+ {[%emt 0:00:04]} 33. cxd5 {[%emt 0:00:05]} dxe5 {[%emt 0:01:21]} 34. Re4 {[%emt 0:01:21]} Rd6 {[%emt 0:00:50]} 35. Rd1 {[%emt 0:00:30]} a5 {[%emt 0:00:30]} 36. a4 {[%emt 0:00:45]} Kf7 {[%emt 0:01:42]} 37. Bb2 {[%emt 0:00:22]} Red8 {[%emt 0:00:27]} 38. Bxe5 {[%emt 0:01:01]} Rxd5 {[%emt 0:00:09]} 39. Rxd5 {[%emt 0:00:59]} Rxd5 {[%emt 0:00:05]} 40. Bxg7 {[%emt 0:00:16]} Kxg7 {[%emt 0:00:16]} 41. Re6 {[%emt 0:30:52]} b5 {[%emt 0:31:10]} 42. Ra6 {[%emt 0:00:00]} b4 {[%emt 0:00:00]} 43. Kg2 {[%emt 0:00:00]} Rd3 {[%emt 0:00:00]} 44. Rxa5 {[%emt 0:00:00]} Rxb3 {[%emt 0:00:00]} 45. Rb5 {[%emt 0:00:00]} Rb1 {[%emt 0:00:00]} 46. a5 {[%emt 0:00:00]} b3 {[%emt 0:00:00]} 47. a6 {[%emt 0:00:00]} Ra1 {[%emt 0:00:00]} 48. Rxb3 {[%emt 0:00:00]} Rxa6 {[%emt 0:00:00]} 1/2-1/2

[Event "Netanya Open 2019"]
[Site "Netanya"]
[Date "2019.06.24"]
[Round "2.18"]
[White "Dvoirys, Semen I."]
[Black "Streltsov, Alexey"]
[Result "1/2-1/2"]
[WhiteElo "2502"]
[BlackElo "2177"]
[Annotator "ChessBase"]
[PlyCount "71"]
[EventDate "2019.06.23"]
[EventType "swiss"]
[EventCountry "ISR"]
[SourceTitle "playchess.com"]
[Source "ChessBase"]
[SourceQuality "1"]
[TimeControl "40/5400+30:1800+30"]

1. e4 {[%emt 0:00:00]} c5 {[%emt 0:00:00]} 2. Nf3 {[%emt 0:00:00]} e6 {[%emt 0:00:00]} 3. d4 {[%emt 0:00:00]} cxd4 {[%emt 0:00:00]} 4. Nxd4 {[%emt 0:00:00]} a6 {[%emt 0:00:00]} 5. Bd3 {[%emt 0:00:30]} Bc5 {[%emt 0:00:03]} 6. c3 {[%emt 0:02:05]} Nc6 {[%emt 0:10:06]} 7. Nxc6 {[%emt 0:00:21]} dxc6 {[%emt 0:00:07]} 8. Qe2 {[%emt 0:13:43]} e5 {[%emt 0:00:51]} 9. Bc4 {[%emt 0:13:54]} Qe7 {[%emt 0:30:44]} 10. a4 {[%emt 0:10:21]} a5 {[%emt 0:02:32]} 11. Be3 {[%emt 0:00:50]} Bxe3 {[%emt 0:07:27]} 12. Qxe3 {[%emt 0:00:02]} Nf6 {[%emt 0:00:09]} 13. Nd2 {[%emt 0:00:15]} O-O {[%emt 0:00:47]} 14. O-O {[%emt 0:00:19]} Be6 {[%emt 0:02:20]} 15. Rfd1 {[%emt 0:14:58]} Rfd8 {[%emt 0:00:39]} 16. b3 {[%emt 0:00:16]} h6 {[%emt 0:16:07]} 17. f3 {[%emt 0:08:23]} Bxc4 {[%emt 0:00:14]} 18. Nxc4 {[%emt 0:00:02]} Rxd1+ {[%emt 0:00:07]} 19. Rxd1 {[%emt 0:00:11]} b5 {[%emt 0:00:01]} 20. axb5 {[%emt 0:00:07]} cxb5 {[%emt 0:00:05]} 21. Nb6 {[%emt 0:00:03]} Qa7 {[%emt 0:04:42]} 22. Kf2 {[%emt 0:01:31]} Rb8 {[%emt 0:00:12]} 23. Nd7 {[%emt 0:07:03]} Qxe3+ {[%emt 0:00:07]} 24. Kxe3 {[%emt 0:00:04]} Nxd7 {[%emt 0:00:10]} 25. Rxd7 {[%emt 0:00:05]} Ra8 {[%emt 0:03:27]} 26. Rb7 {[%emt 0:03:01]} a4 {[%emt 0:01:12]} 27. bxa4 {[%emt 0:00:16]} bxa4 {[%emt 0:00:03]} 28. Kd3 {[%emt 0:00:18]} g6 {[%emt 0:11:52]} 29. Kc2 {[%emt 0:02:21]} f5 {[%emt 0:01:43]} 30. exf5 {[%emt 0:11:40]} a3 {[%emt 0:01:10]} 31. Kb1 {[%emt 0:01:05]} gxf5 {[%emt 0:00:03]} 32. Ka2 {[%emt 0:01:31]} e4 {[%emt 0:00:09]} 33. Re7 {[%emt 0:05:25]} Rc8 {[%emt 0:01:07]} 34. fxe4 {[%emt 0:00:14]} fxe4 {[%emt 0:01:29]} 35. Rxe4 {[%emt 0:02:19]} Rxc3 {[%emt 0:00:05]} 36. g3 {[%emt 0:00:53]} 1/2-1/2

[Event "Netanya Open 2019"]
[Site "Netanya"]
[Date "2019.06.24"]
[Round "2.19"]
[White "Lahav, Michal"]
[Black "Zoler, Dan"]
[Result "1/2-1/2"]
[WhiteElo "2178"]
[BlackElo "2499"]
[Annotator "ChessBase"]
[PlyCount "153"]
[EventDate "2019.06.23"]
[EventType "swiss"]
[EventCountry "ISR"]
[SourceTitle "playchess.com"]
[Source "ChessBase"]
[SourceQuality "1"]
[TimeControl "40/5400+30:1800+30"]

1. e4 {[%emt 0:00:00]} e5 {[%emt 0:22:02]} 2. Nf3 {[%emt 0:00:00]} Nc6 {[%emt 0:00:06]} 3. d4 {[%emt 0:00:02]} exd4 {[%emt 0:00:12]} 4. Nxd4 {[%emt 0:00:03]} Nf6 {[%emt 0:00:14]} 5. Nc3 {[%emt 0:00:13]} Bb4 {[%emt 0:00:30]} 6. Nxc6 {[%emt 0:00:04]} bxc6 {[%emt 0:00:09]} 7. Bd3 {[%emt 0:00:07]} O-O {[%emt 0:00:17]} 8. O-O {[%emt 0:00:06]} d5 {[%emt 0:00:13]} 9. exd5 {[%emt 0:00:03]} cxd5 {[%emt 0:00:06]} 10. h3 {[%emt 0:00:17]} c6 {[%emt 0:01:07]} 11. Qf3 {[%emt 0:00:30]} Rb8 {[%emt 0:15:48]} 12. Bf4 {[%emt 0:01:03]} Bd6 {[%emt 0:01:18]} 13. b3 {[%emt 0:00:26]} Rb4 {[%emt 0:04:58]} 14. Bxd6 {[%emt 0:01:46]} Qxd6 {[%emt 0:00:04]} 15. Ne2 {[%emt 0:00:48]} c5 {[%emt 0:02:40]} 16. Rad1 {[%emt 0:04:02]} Bb7 {[%emt 0:04:13]} 17. Rfe1 {[%emt 0:10:22]} a5 {[%emt 0:04:40]} 18. Qg3 {[%emt 0:05:17]} Qxg3 {[%emt 0:12:26]} 19. Nxg3 {[%emt 0:00:33]} g6 {[%emt 0:04:27]} 20. Re7 {[%emt 0:10:31]} Rc8 {[%emt 0:02:42]} 21. Rxb7 {[%emt 0:09:47]} Rxb7 {[%emt 0:00:06]} 22. Ba6 {[%emt 0:00:09]} Rbc7 {[%emt 0:02:52]} 23. Bxc8 {[%emt 0:00:13]} Rxc8 {[%emt 0:00:02]} 24. Ne2 {[%emt 0:00:48]} Kf8 {[%emt 0:03:48]} 25. Nf4 {[%emt 0:04:06]} Rd8 {[%emt 0:00:43]} 26. Nd3 {[%emt 0:01:57]} Ne4 {[%emt 0:00:11]} 27. Re1 {[%emt 0:02:28]} Rc8 {[%emt 0:02:48]} 28. Ne5 {[%emt 0:20:37]} Nc3 {[%emt 0:02:19]} 29. Nd7+ {[%emt 0:01:50]} Kg7 {[%emt 0:00:07]} 30. Re5 {[%emt 0:00:09]} c4 {[%emt 0:07:25]} 31. Nb6 {[%emt 0:01:32]} cxb3 {[%emt 0:00:58]} 32. axb3 {[%emt 0:04:02]} Rc6 {[%emt 0:01:35]} 33. Nd7 {[%emt 0:00:56]} Rc7 {[%emt 0:01:09]} 34. Nb6 {[%emt 0:00:29]} Rb7 {[%emt 0:02:11]} 35. Nc8 {[%emt 0:03:09]} Kf6 {[%emt 0:01:53]} 36. f4 {[%emt 0:02:18]} Rb4 {[%emt 0:00:03]} 37. g3 {[%emt 0:02:52]} Rd4 {[%emt 0:01:30]} 38. Nd6 {[%emt 0:01:33]} Kg7 {[%emt 0:00:10]} 39. Re7 {[%emt 0:00:48]} Rd2 {[%emt 0:00:22]} 40. Rxf7+ {[%emt 0:05:15]} Kg8 {[%emt 0:00:03]} 41. Rd7 {[%emt 0:32:19]} Rxc2 {[%emt 0:30:35]} 42. Ne8 {[%emt 0:00:34]} Ne4 {[%emt 0:00:00]} 43. Rxd5 {[%emt 0:00:00]} Nxg3 {[%emt 0:00:00]} 44. Rxa5 {[%emt 0:00:00]} Ne2+ {[%emt 0:00:00]} 45. Kh1 {[%emt 0:00:00]} Nxf4 {[%emt 0:00:00]} 46. Nf6+ {[%emt 0:00:00]} Kg7 {[%emt 0:00:00]} 47. Ng4 {[%emt 0:00:00]} Rc7 {[%emt 0:00:00]} 48. Kh2 {[%emt 0:00:00]} h5 {[%emt 0:00:00]} 49. Nf2 {[%emt 0:00:00]} Rc2 {[%emt 0:00:00]} 50. Kg3 {[%emt 0:00:00]} Ne2+ {[%emt 0:00:00]} 51. Kg2 {[%emt 0:00:24]} Nc1 {[%emt 0:00:00]} 52. Ra7+ {[%emt 0:00:40]} Kh6 {[%emt 0:00:00]} 53. Rb7 {[%emt 0:04:16]} Nd3 {[%emt 0:00:00]} 54. Rf7 {[%emt 0:00:02]} g5 {[%emt 0:00:00]} 55. Kg1 {[%emt 0:03:14]} Nf4 {[%emt 0:00:00]} 56. h4 {[%emt 0:02:43]} Kg6 {[%emt 0:00:00]} 57. Rf8 {[%emt 0:00:03]} Ne2+ {[%emt 0:00:00]} 58. Kg2 {[%emt 0:00:27]} g4 {[%emt 0:01:15]} 59. Rg8+ {[%emt 0:00:58]} Kf7 {[%emt 0:04:30]} 60. Rg5 {[%emt 0:00:43]} Nf4+ {[%emt 0:02:46]} 61. Kg3 {[%emt 0:00:27]} Ne2+ {[%emt 0:00:14]} 62. Kg2 {[%emt 0:00:01]} Rc3 {[%emt 0:00:03]} 63. Nxg4 {[%emt 0:01:51]} Nf4+ {[%emt 0:00:21]} 64. Kh1 {[%emt 0:00:37]} Rc1+ {[%emt 0:03:15]} 65. Kh2 {[%emt 0:00:02]} Rc2+ {[%emt 0:00:20]} 66. Kh1 {[%emt 0:00:12]} Rc1+ {[%emt 0:00:28]} 67. Kh2 {[%emt 0:00:01]} Rc2+ {[%emt 0:00:04]} 68. Kh1 {[%emt 0:00:02]} hxg4 {[%emt 0:00:28]} 69. Rf5+ {[%emt 0:00:01]} Kg6 {[%emt 0:00:05]} 70. Rxf4 {[%emt 0:00:09]} Kh5 {[%emt 0:00:02]} 71. Rf1 {[%emt 0:01:34]} Kxh4 {[%emt 0:00:09]} 72. Rb1 {[%emt 0:00:10]} Kh3 {[%emt 0:00:21]} 73. b4 {[%emt 0:00:26]} g3 {[%emt 0:00:08]} 74. b5 {[%emt 0:00:29]} Rh2+ {[%emt 0:00:06]} 75. Kg1 {[%emt 0:00:02]} Rg2+ {[%emt 0:00:03]} 76. Kh1 {[%emt 0:00:04]} Rh2+ {[%emt 0:00:03]} 77. Kg1 {[%emt 0:00:05]} 1/2-1/2

[Event "Netanya Open 2019"]
[Site "Netanya"]
[Date "2019.06.24"]
[Round "2.20"]
[White "Gleizer, Mark"]
[Black "Khmelniker, Ilya"]
[Result "1/2-1/2"]
[WhiteElo "2173"]
[BlackElo "2483"]
[Annotator "ChessBase"]
[PlyCount "191"]
[EventDate "2019.06.23"]
[EventType "swiss"]
[EventCountry "ISR"]
[SourceTitle "playchess.com"]
[Source "ChessBase"]
[SourceQuality "1"]
[TimeControl "40/5400+30:1800+30"]

1. d4 {[%emt 0:00:00]} Nf6 {[%emt 0:09:22]} 2. c4 {[%emt 0:00:08]} g6 {[%emt 0:00:40]} 3. Nc3 {[%emt 0:00:06]} d5 {[%emt 0:00:05]} 4. cxd5 {[%emt 0:00:17]} Nxd5 {[%emt 0:00:05]} 5. Bd2 {[%emt 0:00:36]} Bg7 {[%emt 0:06:13]} 6. e4 {[%emt 0:01:52]} Nxc3 {[%emt 0:00:10]} 7. Bxc3 {[%emt 0:00:11]} O-O {[%emt 0:05:57]} 8. Qd2 {[%emt 0:02:00]} Qd6 {[%emt 0:03:54]} 9. Nf3 {[%emt 0:08:09]} Nc6 {[%emt 0:01:34]} 10. h3 {[%emt 0:03:19]} a6 {[%emt 0:13:34]} 11. Be2 {[%emt 0:02:09]} b5 {[%emt 0:01:42]} 12. a3 {[%emt 0:01:46]} Bb7 {[%emt 0:03:53]} 13. O-O {[%emt 0:01:24]} Rfe8 {[%emt 0:13:51]} 14. Rfd1 {[%emt 0:08:38]} e5 {[%emt 0:03:02]} 15. d5 {[%emt 0:08:25]} Nd4 {[%emt 0:00:19]} 16. Nxd4 {[%emt 0:00:44]} exd4 {[%emt 0:00:05]} 17. Bxd4 {[%emt 0:00:34]} Rxe4 {[%emt 0:00:09]} 18. Bxg7 {[%emt 0:01:10]} Kxg7 {[%emt 0:00:02]} 19. Rac1 {[%emt 0:04:08]} Re7 {[%emt 0:09:35]} 20. Bf3 {[%emt 0:02:19]} Rd8 {[%emt 0:00:35]} 21. Qc3+ {[%emt 0:04:26]} Kg8 {[%emt 0:03:42]} 22. Rc2 {[%emt 0:02:55]} Rdd7 {[%emt 0:08:58]} 23. b4 {[%emt 0:02:16]} Re5 {[%emt 0:00:36]} 24. Rcd2 {[%emt 0:02:22]} Rde7 {[%emt 0:00:26]} 25. Rd3 {[%emt 0:01:53]} Bc8 {[%emt 0:00:40]} 26. Rd4 {[%emt 0:03:12]} Bf5 {[%emt 0:01:23]} 27. Qd2 {[%emt 0:02:48]} Be4 {[%emt 0:04:01]} 28. Bxe4 {[%emt 0:03:51]} Rxe4 {[%emt 0:00:02]} 29. Rxe4 {[%emt 0:01:42]} Rxe4 {[%emt 0:00:02]} 30. Rc1 {[%emt 0:03:27]} Qe5 {[%emt 0:02:06]} 31. Qc3 {[%emt 0:01:17]} Qd6 {[%emt 0:05:43]} 32. Qc5 {[%emt 0:02:06]} Re5 {[%emt 0:01:22]} 33. Qxd6 {[%emt 0:04:58]} cxd6 {[%emt 0:00:01]} 34. Rc6 {[%emt 0:00:24]} Rxd5 {[%emt 0:00:01]} 35. Rxa6 {[%emt 0:00:49]} Rd1+ {[%emt 0:00:06]} 36. Kh2 {[%emt 0:00:06]} Kg7 {[%emt 0:00:51]} 37. Ra5 {[%emt 0:01:03]} Rd3 {[%emt 0:00:06]} 38. Rxb5 {[%emt 0:00:22]} Rxa3 {[%emt 0:00:02]} 39. Rd5 {[%emt 0:02:20]} Ra6 {[%emt 0:00:15]} 40. Kg3 {[%emt 0:02:50]} Kf6 {[%emt 0:01:57]} 41. Kf4 {[%emt 0:30:51]} Ke6 {[%emt 0:30:19]} 42. Rd2 {[%emt 0:06:25]} Rb6 {[%emt 0:00:00]} 43. Rd4 {[%emt 0:00:00]} d5 {[%emt 0:00:00]} 44. g3 {[%emt 0:00:00]} Kd6 {[%emt 0:00:00]} 45. h4 {[%emt 0:00:00]} Ke6 {[%emt 0:00:00]} 46. f3 {[%emt 0:00:00]} f6 {[%emt 0:00:00]} 47. g4 {[%emt 0:00:00]} Rb7 {[%emt 0:00:00]} 48. g5 {[%emt 0:00:00]} f5 {[%emt 0:00:00]} 49. Ke3 {[%emt 0:00:00]} Ke5 {[%emt 0:00:00]} 50. f4+ {[%emt 0:00:00]} Kd6 {[%emt 0:00:00]} 51. Kd3 {[%emt 0:00:00]} Ra7 {[%emt 0:00:00]} 52. Ke3 {[%emt 0:00:00]} Re7+ {[%emt 0:00:00]} 53. Kd2 {[%emt 0:00:00]} Re4 {[%emt 0:00:00]} 54. Kc3 {[%emt 0:00:13]} Kc6 {[%emt 0:00:00]} 55. Kd3 {[%emt 0:01:40]} Re1 {[%emt 0:00:00]} 56. Kc3 {[%emt 0:00:40]} Rc1+ {[%emt 0:00:00]} 57. Kd2 {[%emt 0:01:09]} Rh1 {[%emt 0:00:00]} 58. Ke3 {[%emt 0:02:17]} Rh3+ {[%emt 0:00:00]} 59. Kf2 {[%emt 0:00:26]} Rxh4 {[%emt 0:00:00]} 60. Kg3 {[%emt 0:00:15]} Rh1 {[%emt 0:00:12]} 61. Kf2 {[%emt 0:01:23]} Rb1 {[%emt 0:02:26]} 62. Ke3 {[%emt 0:02:02]} Re1+ {[%emt 0:00:11]} 63. Kd3 {[%emt 0:00:51]} Rh1 {[%emt 0:02:41]} 64. Ke3 {[%emt 0:00:44]} Rh3+ {[%emt 0:00:19]} 65. Ke2 {[%emt 0:00:35]} h6 {[%emt 0:01:17]} 66. gxh6 {[%emt 0:01:42]} Rxh6 {[%emt 0:00:01]} 67. Rd1 {[%emt 0:01:08]} Rh4 {[%emt 0:01:32]} 68. Ke3 {[%emt 0:00:52]} Kd6 {[%emt 0:01:07]} 69. Kf3 {[%emt 0:02:48]} Rh3+ {[%emt 0:01:21]} 70. Ke2 {[%emt 0:00:16]} Rb3 {[%emt 0:01:59]} 71. Rd4 {[%emt 0:01:54]} Rb1 {[%emt 0:01:51]} 72. Kf2 {[%emt 0:00:40]} Rc1 {[%emt 0:01:01]} 73. Ke2 {[%emt 0:00:20]} Rc8 {[%emt 0:00:49]} 74. Ke3 {[%emt 0:01:22]} Re8+ {[%emt 0:00:13]} 75. Kd2 {[%emt 0:00:33]} Re4 {[%emt 0:00:56]} 76. Kd3 {[%emt 0:00:17]} Re1 {[%emt 0:00:09]} 77. Kd2 {[%emt 0:00:08]} Rg1 {[%emt 0:00:11]} 78. Rd3 {[%emt 0:00:59]} g5 {[%emt 0:00:41]} 79. fxg5 {[%emt 0:00:31]} Rxg5 {[%emt 0:00:01]} 80. b5 {[%emt 0:01:53]} Rg2+ {[%emt 0:01:34]} 81. Kc1 {[%emt 0:00:27]} Kc5 {[%emt 0:01:16]} 82. b6 {[%emt 0:00:14]} Rg7 {[%emt 0:00:44]} 83. Rf3 {[%emt 0:00:21]} Rf7 {[%emt 0:00:43]} 84. b7 {[%emt 0:00:09]} Rxb7 {[%emt 0:00:06]} 85. Rxf5 {[%emt 0:00:07]} Kc4 {[%emt 0:00:02]} 86. Kc2 {[%emt 0:01:29]} Rh7 {[%emt 0:00:01]} 87. Rf3 {[%emt 0:01:09]} Rh2+ {[%emt 0:00:05]} 88. Kd1 {[%emt 0:00:13]} d4 {[%emt 0:00:03]} 89. Rg3 {[%emt 0:00:11]} Ra2 {[%emt 0:00:04]} 90. Rh3 {[%emt 0:00:25]} Rb2 {[%emt 0:02:10]} 91. Rg3 {[%emt 0:00:10]} d3 {[%emt 0:00:17]} 92. Rg8 {[%emt 0:00:12]} Kc3 {[%emt 0:00:04]} 93. Rc8+ {[%emt 0:00:11]} Kd4 {[%emt 0:00:01]} 94. Rd8+ {[%emt 0:00:07]} Kc3 {[%emt 0:00:04]} 95. Rc8+ {[%emt 0:00:05]} Kd4 {[%emt 0:00:02]} 96. Rd8+ {[%emt 0:00:03]} 1/2-1/2

[Event "Netanya Open 2019"]
[Site "Netanya"]
[Date "2019.06.24"]
[Round "2.21"]
[White "Flom, Gabriel"]
[Black "Aizenberg, Benny"]
[Result "1-0"]
[WhiteElo "2480"]
[BlackElo "2156"]
[Annotator "ChessBase"]
[PlyCount "77"]
[EventDate "2019.06.23"]
[EventType "swiss"]
[EventCountry "ISR"]
[SourceTitle "playchess.com"]
[Source "ChessBase"]
[SourceQuality "1"]
[TimeControl "40/5400+30:1800+30"]

1. d4 {[%emt 0:00:45]} Nf6 {[%emt 0:00:00]} 2. Nf3 {[%emt 0:00:03]} g6 {[%emt 0:00:00]} 3. g3 {[%emt 0:02:17]} Bg7 {[%emt 0:00:05]} 4. Bg2 {[%emt 0:00:02]} O-O {[%emt 0:01:07]} 5. O-O {[%emt 0:03:28]} c5 {[%emt 0:00:24]} 6. c4 {[%emt 0:03:10]} d6 {[%emt 0:01:30]} 7. b3 {[%emt 0:02:41]} Nc6 {[%emt 0:03:56]} 8. Bb2 {[%emt 0:00:42]} cxd4 {[%emt 0:02:30]} 9. Nxd4 {[%emt 0:00:37]} Bd7 {[%emt 0:00:26]} 10. e3 {[%emt 0:05:39]} Qc8 {[%emt 0:01:44]} 11. Re1 {[%emt 0:01:53]} Rb8 {[%emt 0:03:49]} 12. Nc3 {[%emt 0:01:02]} Ne5 {[%emt 0:02:55]} 13. Rc1 {[%emt 0:03:03]} a6 {[%emt 0:07:13]} 14. Qd2 {[%emt 0:10:31]} Bh3 {[%emt 0:06:04]} 15. Bh1 {[%emt 0:00:52]} Nfd7 {[%emt 0:02:07]} 16. Nd5 {[%emt 0:11:32]} Re8 {[%emt 0:04:01]} 17. Nf4 {[%emt 0:01:32]} Nc5 {[%emt 0:06:15]} 18. b4 {[%emt 0:00:12]} Na4 {[%emt 0:00:18]} 19. Ba1 {[%emt 0:00:02]} Bd7 {[%emt 0:06:00]} 20. Qc2 {[%emt 0:11:29]} b6 {[%emt 0:28:14]} 21. Qb3 {[%emt 0:01:33]} Qc7 {[%emt 0:07:32]} 22. Nd5 {[%emt 0:03:18]} Qa7 {[%emt 0:00:23]} 23. f4 {[%emt 0:01:08]} Ng4 {[%emt 0:00:15]} 24. h3 {[%emt 0:00:46]} Nf6 {[%emt 0:03:19]} 25. Nxf6+ {[%emt 0:00:23]} Bxf6 {[%emt 0:06:20]} 26. Nc6 {[%emt 0:00:00]} Bxc6 {[%emt 0:00:31]} 27. Bxc6 {[%emt 0:00:00]} b5 {[%emt 0:00:46]} 28. Bxe8 {[%emt 0:00:29]} Rxe8 {[%emt 0:00:01]} 29. cxb5 {[%emt 0:04:57]} axb5 {[%emt 0:00:10]} 30. Bxf6 {[%emt 0:04:17]} exf6 {[%emt 0:00:08]} 31. Qd3 {[%emt 0:00:57]} Qd7 {[%emt 0:00:08]} 32. Kh2 {[%emt 0:01:33]} f5 {[%emt 0:02:31]} 33. e4 {[%emt 0:02:38]} fxe4 {[%emt 0:04:13]} 34. Rxe4 {[%emt 0:00:08]} Ra8 {[%emt 0:00:47]} 35. Qd4 {[%emt 0:03:00]} Nb6 {[%emt 0:00:58]} 36. Rce1 {[%emt 0:00:49]} Rxa2+ {[%emt 0:00:36]} 37. Kg1 {[%emt 0:00:02]} f6 {[%emt 0:00:35]} 38. Qxf6 {[%emt 0:01:31]} Ra8 {[%emt 0:00:19]} 39. Re7 {[%emt 0:00:10]} 1-0

[Event "Netanya Open 2019"]
[Site "Netanya"]
[Date "2019.06.24"]
[Round "2.22"]
[White "Kochavi, Ori"]
[Black "Grinberg, Eyal"]
[Result "0-1"]
[WhiteElo "2152"]
[BlackElo "2474"]
[Annotator "ChessBase"]
[PlyCount "66"]
[EventDate "2019.06.23"]
[EventType "swiss"]
[EventCountry "ISR"]
[SourceTitle "playchess.com"]
[Source "ChessBase"]
[SourceQuality "1"]
[TimeControl "40/5400+30:1800+30"]

1. e4 {[%emt 0:00:00]} c5 {[%emt 0:00:00]} 2. Nf3 {[%emt 0:00:00]} d6 {[%emt 0:00:01]} 3. Bb5+ {[%emt 0:00:00]} Nd7 {[%emt 0:00:17]} 4. d4 {[%emt 0:00:00]} cxd4 {[%emt 0:00:10]} 5. Qxd4 {[%emt 0:00:00]} a6 {[%emt 0:00:06]} 6. Bxd7+ {[%emt 0:00:00]} Bxd7 {[%emt 0:00:06]} 7. c4 {[%emt 0:00:36]} Nf6 {[%emt 0:00:15]} 8. Nc3 {[%emt 0:00:19]} g6 {[%emt 0:01:06]} 9. O-O {[%emt 0:25:17]} Bg7 {[%emt 0:00:25]} 10. b3 {[%emt 0:14:05]} O-O {[%emt 0:02:14]} 11. Bb2 {[%emt 0:00:14]} b5 {[%emt 0:27:20]} 12. Rfe1 {[%emt 0:08:07]} Ng4 {[%emt 0:08:09]} 13. Qd2 {[%emt 0:06:39]} bxc4 {[%emt 0:01:22]} 14. bxc4 {[%emt 0:00:50]} Rc8 {[%emt 0:18:54]} 15. Nd5 {[%emt 0:01:36]} Bxb2 {[%emt 0:03:24]} 16. Qxb2 {[%emt 0:00:01]} e6 {[%emt 0:00:43]} 17. Ne3 {[%emt 0:03:38]} Nxe3 {[%emt 0:00:57]} 18. Rxe3 {[%emt 0:00:04]} Rxc4 {[%emt 0:00:40]} 19. Rd1 {[%emt 0:02:21]} Qc7 {[%emt 0:02:46]} 20. Red3 {[%emt 0:07:41]} Ba4 {[%emt 0:03:11]} 21. Re1 {[%emt 0:00:13]} Rb8 {[%emt 0:04:34]} 22. Qa3 {[%emt 0:02:54]} Qc5 {[%emt 0:04:29]} 23. Qxc5 {[%emt 0:02:50]} dxc5 {[%emt 0:00:05]} 24. Ne5 {[%emt 0:01:06]} Rxe4 {[%emt 0:01:18]} 25. Rde3 {[%emt 0:01:01]} Rxe3 {[%emt 0:00:28]} 26. fxe3 {[%emt 0:00:13]} Rb2 {[%emt 0:02:52]} 27. Rc1 {[%emt 0:01:01]} Bc2 {[%emt 0:01:06]} 28. a3 {[%emt 0:00:08]} Be4 {[%emt 0:03:39]} 29. Rxc5 {[%emt 0:01:26]} Rxg2+ {[%emt 0:00:08]} 30. Kf1 {[%emt 0:00:01]} Rxh2 {[%emt 0:04:56]} 31. Rc8+ {[%emt 0:00:28]} Kg7 {[%emt 0:00:05]} 32. Rc7 {[%emt 0:00:03]} Rh5 {[%emt 0:00:18]} 33. Rxf7+ {[%emt 0:01:16]} Kg8 {[%emt 0:00:12]} 0-1

[Event "Netanya Open 2019"]
[Site "Netanya"]
[Date "2019.06.24"]
[Round "2.23"]
[White "Levi, Netanel"]
[Black "Mindlin, Alon"]
[Result "1/2-1/2"]
[WhiteElo "2143"]
[BlackElo "2454"]
[Annotator "ChessBase"]
[PlyCount "69"]
[EventDate "2019.06.23"]
[EventType "swiss"]
[EventCountry "ISR"]
[SourceTitle "playchess.com"]
[Source "ChessBase"]
[SourceQuality "1"]
[TimeControl "40/5400+30:1800+30"]

1. e4 {[%emt 0:00:00]} e5 {[%emt 0:00:00]} 2. Nf3 {[%emt 0:00:00]} Nc6 {[%emt 0:00:00]} 3. Bc4 {[%emt 0:00:00]} Bc5 {[%emt 0:00:06]} 4. c3 {[%emt 0:00:11]} Nf6 {[%emt 0:00:07]} 5. d3 {[%emt 0:00:04]} a6 {[%emt 0:01:24]} 6. Nbd2 {[%emt 0:00:39]} Ba7 {[%emt 0:00:25]} 7. O-O {[%emt 0:00:23]} d6 {[%emt 0:01:44]} 8. Bb3 {[%emt 0:02:53]} Ne7 {[%emt 0:05:46]} 9. Re1 {[%emt 0:05:21]} Ng6 {[%emt 0:01:52]} 10. Nf1 {[%emt 0:01:52]} O-O {[%emt 0:00:09]} 11. Ng3 {[%emt 0:00:54]} h6 {[%emt 0:00:10]} 12. h3 {[%emt 0:00:33]} Re8 {[%emt 0:02:14]} 13. d4 {[%emt 0:00:29]} c6 {[%emt 0:12:43]} 14. Be3 {[%emt 0:00:16]} Qc7 {[%emt 0:05:52]} 15. Qc1 {[%emt 0:00:10]} Kh7 {[%emt 0:10:27]} 16. Nf5 {[%emt 0:02:27]} Ng8 {[%emt 0:14:31]} 17. Bxf7 {[%emt 0:02:00]} Qxf7 {[%emt 0:02:06]} 18. Nxd6 {[%emt 0:00:31]} Qe7 {[%emt 0:01:47]} 19. Nxe8 {[%emt 0:01:29]} Qxe8 {[%emt 0:00:20]} 20. dxe5 {[%emt 0:00:14]} Bb8 {[%emt 0:00:28]} 21. Qc2 {[%emt 0:14:05]} Qf7 {[%emt 0:01:36]} 22. Qe2 {[%emt 0:06:14]} Nxe5 {[%emt 0:01:09]} 23. Nxe5 {[%emt 0:03:26]} Bxe5 {[%emt 0:00:01]} 24. Rf1 {[%emt 0:01:57]} Bc7 {[%emt 0:04:16]} 25. f4 {[%emt 0:05:58]} Nf6 {[%emt 0:01:57]} 26. Qf3 {[%emt 0:02:52]} Qg6 {[%emt 0:03:25]} 27. Rae1 {[%emt 0:05:48]} Bd7 {[%emt 0:07:07]} 28. e5 {[%emt 0:03:36]} Nd5 {[%emt 0:01:45]} 29. f5 {[%emt 0:01:38]} Bxf5 {[%emt 0:00:59]} 30. Qxf5 {[%emt 0:00:44]} Nxe3 {[%emt 0:01:17]} 31. Rxe3 {[%emt 0:02:44]} Bb6 {[%emt 0:00:23]} 32. Qxg6+ {[%emt 0:04:08]} Kxg6 {[%emt 0:00:01]} 33. Rff3 {[%emt 0:00:07]} Rd8 {[%emt 0:02:38]} 34. e6 {[%emt 0:33:17]} Bxe3+ 35. Rxe3 1/2-1/2